LEADER 01433nam--2200469---450- 001 990000278190203316 005 20050621120317.0 010 $a88-7746-302-3 035 $a0027819 035 $aUSA010027819 035 $a(ALEPH)000027819USA01 035 $a0027819 100 $a20001018d1988----km-y0itay0103----ba 101 1$aita 102 $aIT 105 $a||||||||001yy 200 1 $aSolitudini$fLuis de Góngora$ga cura di Cesare Greppi$gcon una introduzione di Lore Terracini$g[traduzione di Cesare Greppi] 205 $a2. ed. 210 $aParma$cU. Guanda$d1988 215 $a147 p.$d20 cm 225 2 $aQuaderni della Fenice 300 $aTesto orig. a fronte 312 $aSoledades 410 $12001$aQuaderni della Fenice 454 0$12001$aSoledades$921537 676 $a861.3 700 1$aGŇNGORA Y ARGOTE,$bLuis : de$0385267 702 1$aGREPPI,$bCesare 801 0$aIT$bsalbc$gISBD 912 $a990000278190203316 951 $aVI.5.A. 475(II sp B 5/84)$b153471 L.M.$cII sp B$d00002358 959 $aBK 969 $aUMA 979 $aTAMI$b40$c20001018$lUSA01$h1146 979 $aTAMI$b40$c20001018$lUSA01$h1246 979 $c20001110$lUSA01$h1716 979 $aPATTY$b90$c20011012$lUSA01$h1832 979 $c20020403$lUSA01$h1636 979 $aPATRY$b90$c20040406$lUSA01$h1620 979 $aCOPAT7$b90$c20050621$lUSA01$h1203 996 $aSoledades$921537 997 $aUNISA